Jogadores Aleatórios que jogaram no brasileirão - Statistics

Estatísticas Gerais
  • Esse quiz foi jogado 30 vezes
  • A pontuação média é 29 de 44
Estatísticas das Respostas
Imagem Resposta % Correto
Hernane
88%
Marcelo Lomba
85%
Pará
85%
Pedro Raul
85%
Thiago Heleno
85%
Valdivia
85%
Alef Manga
81%
Apodi
81%
Elias
81%
Paulo Victor
81%
Alan Kardec
77%
Eduardo Bauerman
77%
Egidio
77%
Jadson
77%
Rossi
77%
William Pottker
77%
Camilo
73%
Fernando Miguel
73%
Lima
73%
Matheus Henrique
73%
Madson
69%
Vitor Hugo
69%
Walace
69%
Brenner
65%
Hudson
65%
Jael
65%
Matheus França
65%
Rodrigo Pimpao
65%
Gui Negão
62%
Junior Urso
62%
Helinho
58%
Jucilei
58%
Rodrigo Lindoso
58%
douglas friedrich
54%
Tete
54%
Nathan
50%
Shaylon
50%
Petros
46%
Everaldo
42%
Bruno Alves
38%
Junior Moraes
38%
Anderson Martins
35%
Jefte
35%
Charlis
15%
Nenhum quiz correspondente encontrado
Distribuição das Pontuações
Porcentagem de Pessoas com Cada Pontuação
Percentil de Números Respondidos
Sua Pontuação Histórica
Você não jogou esse quiz